Alan Tudyk Filmography - Statistics

General Stats
  • This quiz has been taken 14 times
    8 since last reset
  • The average score is 7 of 58
Answer Stats
Hint Answer % Correct
2005 Serenity
71%
2013 Frozen
57%
2016 Moana
57%
2018 Ralph Breaks the Internet
57%
2016 Rogue One: A Star Wars Story
57%
2012 Wreck-It Ralph
57%
2004 Dodgeball: A True Underdog Story
43%
2021 Encanto
43%
2019 Frozen II
43%
2016 Zootopia
43%
2000 28 Days
29%
2001 A Knight's Tale
29%
2022 Strange World
29%
2010 Tucker and Dale V.S. Evil
29%
2019 Aladdin
14%
2014 Big Hero Six
14%
2004 I, Robot
14%
1998 Patch Adams
14%
2022 Peter Pan and Wendy
14%
2021 Raya and the Last Dragon
14%
2007 3:10 to Yuma
0%
1997 35 Miles From Normal
0%
2013 42
0%
2012 Abraham Lincoln: Vampire Hunter
0%
2011 Alvin and the Chipmunks: Chipwrecked
0%
2009 Astro Boy
0%
2010 Beautiful Boy
0%
2006 Capitol Law
0%
2011 Conception
0%
2018 Deadpool 2
0%
2007 Death at a Funeral
0%
2021 Distancing Socially
0%
2020 Eat Wheaties!
0%
2022 Encanto Sing-Along
0%
2008 Fourplay
0%
2001 Hearts in Atlantis
0%
2002 Ice Age
0%
2012 Ice Age: Continental Drift
0%
2006 Ice Age: The Meltdown
0%
2014 Justice League: War
0%
2007 Knocked Up
0%
2015 Maze Runner: The Scorch Trials
0%
2004 Meet Market
0%
2015 Oddball
0%
2021 Playing God
0%
2008 Play or Be Played
0%
2014 Premature
0%
2005 Rx
0%
2016 Shangri-La Suite
0%
2012 Strange Frame: Love and Sax
0%
2014 Tell
0%
2010 The Rockford Files
0%
2022 The Trouble With Jessica
0%
2015 Thrilling Adventure Hour Live
0%
2011 Transformers: Dark of the Moon
0%
2015 Trumbo
0%
2014 Welcome to Me
0%
2000 Wonder Boys
0%
No matching quizzes found
Score Distribution
Percent of People with Each Score
Percentile by Number Answered
Your Score History
You have not taken this quiz since the last reset